书目信息 |
| 题名: |
焦虑的意义
|
|
| 作者: | 梅 著 ;朱侃如 译 | |
| 分册: | ||
| 出版信息: | 桂林 漓江出版社 2016 |
|
| 页数: | 358页 | |
| 开本: | 23cm | |
| 丛书名: | ||
| 单 册: | ||
| 中图分类: | R749.7 | |
| 科图分类: | ||
| 主题词: | 焦虑--jiao lv--研究 | |
| 电子资源: | ||
| ISBN: | 978-7-5407-7918-4 | |
| 000 | 01044nam0 22002531 450 | |
| 001 | 387913 | |
| 005 | 20170502165609.0 | |
| 010 | @a978-7-5407-7918-4@dCNY39.80 | |
| 100 | @a20161122d2016 em y0chiy50 ea | |
| 101 | 1 | @achi@ceng |
| 102 | @aCN@b450000 | |
| 105 | @ay z 000yy | |
| 106 | @ar | |
| 200 | 1 | @a焦虑的意义@9jiao lv de yi yi@dThe meaning of anxiety@f(美)罗洛·梅(Rollo May)著@g朱侃如译@zeng |
| 210 | @a桂林@c漓江出版社@d2016 | |
| 215 | @a358页@d23cm | |
| 330 | @a本书分为三个部分:一、焦虑的现代诠释,包括:20世纪中叶的焦虑、焦虑的哲学诠释、焦虑的生物学诠释、焦虑的心理学诠释、心理治疗师的焦虑诠释、焦虑的文化诠释、焦虑理论的摘要综合;二、临床分析与焦虑,包括:焦虑个案研究、未婚妈妈的研究、案例研究拾遗;三、焦虑的管理,包括:处理焦虑的方法、焦虑与自我发展等。 | |
| 510 | 1 | @aMeaning of anxiety@zeng |
| 606 | 0 | @a焦虑@9jiao lv@x研究 |
| 690 | @aR749.7@v5 | |
| 701 | 0 | @c(美)@a梅@9mei@c(May, Rollo@f1909~1994)@4著 |
| 702 | 0 | @a朱侃如@9zhu kan ru@4译 |
| 801 | 0 | @aCN@b百万庄@c20170308 |
| 905 | @b1004718-23@dR749.7@e125@f6 | |
| 焦虑的意义=The meaning of anxiety/(美)罗洛·梅(Rollo May)著/朱侃如译.-桂林:漓江出版社,2016 |
| 358页;23cm |
| ISBN 978-7-5407-7918-4:CNY39.80 |
| 本书分为三个部分:一、焦虑的现代诠释,包括:20世纪中叶的焦虑、焦虑的哲学诠释、焦虑的生物学诠释、焦虑的心理学诠释、心理治疗师的焦虑诠释、焦虑的文化诠释、焦虑理论的摘要综合;二、临床分析与焦虑,包括:焦虑个案研究、未婚妈妈的研究、案例研究拾遗;三、焦虑的管理,包括:处理焦虑的方法、焦虑与自我发展等。 |
| ● |
| 相关链接 |
|
|
|
|
正题名:焦虑的意义
索取号:R749.7/125
 
预约/预借
| 序号 | 登录号 | 条形码 | 馆藏地/架位号 | 状态 | 备注 |
| 1 | 1004718 | 210047180 | 第二样本阅览室/ [索取号:R749.7/125] | 在馆 | |
| 2 | 1004719 | 210047199 | 教育系资料室/ [索取号:R749.7/125] |
已借出,限还日期为2026.03.17 借出人:张正 |
|
| 3 | 1004720 | 210047206 | 教育系资料室/ [索取号:R749.7/125] | 在馆 | |
| 4 | 1004721 | 210047215 | 教育系资料室/ [索取号:R749.7/125] | 在馆 | |
| 5 | 1004722 | 210047224 | 第三借阅区/ [索取号:R749.7/125] | 在馆 | |
| 6 | 1004723 | 210047233 | 第三借阅区/ [索取号:R749.7/125] | 在馆 |